|
|
|
|
| LEADER |
04018nam a22004457a 4500 |
| 001 |
36969 |
| 003 |
BD-DhAAL |
| 005 |
20250423104040.0 |
| 008 |
200128t2019 bg a|||| |||| 00| 0 eng d |
| 020 |
|
|
|a 9789845062824
|
| 040 |
|
|
|a BD-DhAAL
|c BD-DhAAL
|
| 082 |
|
|
|a 338.1095492
|
| 245 |
|
|
|a From the ground up :
|b BRAC's innovations in the development of agriculture in Bangladesh and beyond /
|c edited by Mushtaque Chowdhury, Muazzam Husain, Md. A. Saleque, Hugh Brammer.
|
| 260 |
|
|
|a Dhaka :
|b University Press Limited in association with BRAC,
|c 2019.
|
| 300 |
|
|
|a xxxii, 226 pages :
|b illustrations ;
|c 22 cm
|
| 526 |
|
|
|a AAL, GenEd, BIGD
|
| 541 |
|
|
|a Complimentary copy, University Press Limited, Donated By Akbar Ali Khan, Book Finder International, Complimentary copy from BRAC, Complimentary copy from Dr. Ahmed Mushtaque Raza Chowdhury (Former Vice Chairperson of BRAC)
|e 36969, 36970, 37022, 37023, 37188, 38661, 39417, 41694, 42068, 44364, 44365
|
| 650 |
|
|
|a BRAC (Organization)
|9 39171
|
| 650 |
|
|
|a Agriculture
|x Economic aspects
|z Bangladesh.
|9 39172
|
| 650 |
|
|
|a Rural development
|z Bangladesh.
|
| 650 |
|
|
|a Economics.
|9 48893
|
| 700 |
|
|
|a Chowdhury, A. M. Raza,
|e editor.
|9 39174
|
| 700 |
|
|
|a Husain, Muazzam,
|e editor.
|9 39175
|
| 700 |
|
|
|a Saleque, Md. A.,
|e editor.
|9 39176
|
| 700 |
|
|
|a Brammer, Hugh,
|e editor.
|9 39177
|
| 710 |
|
|
|a BRAC (Organization),
|e copyright holder,
|e publisher.
|
| 852 |
|
|
|a Ayesha Abed Library
|c General Stacks
|
| 942 |
|
|
|2 ddc
|c BK
|
| 999 |
|
|
|c 42187
|d 42187
|
| 952 |
|
|
|0 0
|1 0
|2 ddc
|4 0
|6 338_109549200000000_FRO
|7 0
|9 67787
|a BRACUL
|b BRACUL
|c GEN
|d 2020-01-28
|e Complimentary copy
|l 0
|o 338.1095492 FRO
|p 3010036970
|r 2020-01-28
|t 2
|w 2020-01-28
|y BK
|
| 952 |
|
|
|0 0
|1 0
|2 ddc
|4 0
|6 338_109549200000000_FRO
|7 0
|9 67788
|a BRACUL
|b BRACUL
|c GEN
|d 2020-01-28
|e Complimentary copy
|l 0
|o 338.1095492 FRO
|p 3010036969
|r 2020-01-28
|t 1
|w 2020-01-28
|y BK
|
| 952 |
|
|
|0 0
|1 0
|2 ddc
|4 0
|6 338_109549200000000_FRO
|7 0
|9 67899
|a BRACUL
|b BRACUL
|c GEN
|d 2020-02-10
|e University Press Limited
|g 487.50
|l 0
|o 338.1095492 FRO
|p 3010037023
|r 2020-02-10
|t 4
|v 650.00
|w 2020-02-10
|y BK
|
| 952 |
|
|
|0 0
|1 0
|2 ddc
|4 0
|6 338_109549200000000_FRO
|7 0
|9 67900
|a BRACUL
|b BRACUL
|c GEN
|d 2020-02-10
|e University Press Limited
|g 487.50
|l 0
|o 338.1095492 FRO
|p 3010037022
|r 2020-02-10
|t 3
|v 650.00
|w 2020-02-10
|y BK
|
| 952 |
|
|
|0 0
|1 0
|2 ddc
|4 0
|6 338_109549200000000_FRO
|7 0
|9 68185
|a BRACUL
|b BRACUL
|c GEN
|d 2020-03-15
|e Complimentary copy from Dr. A. Saleque (Brac International)
|l 0
|o 338.1095492 FRO
|p 3010037188
|r 2020-03-15
|t 5
|w 2020-03-15
|y BK
|
| 952 |
|
|
|0 0
|1 0
|2 ddc
|4 0
|6 338_109549200000000_FRO
|7 1
|9 70786
|a BRACUL
|b BRACUL
|c CS1
|d 2022-06-05
|e Donated by Akbar Ali Khan
|l 0
|o 338.1095492 FRO
|p 3010038661
|r 2022-06-05
|t 6
|w 2022-06-05
|y BK
|
| 952 |
|
|
|0 0
|1 0
|2 ddc
|4 0
|6 338_109549200000000_FRO
|7 0
|9 71465
|a SCL
|b SCL
|c GEN
|d 2022-08-03
|e Book Finder International
|g 522.89
|l 0
|o 338.1095492 FRO
|p 3020039417
|r 2022-08-03
|t 7
|v 0.00
|w 2022-08-03
|y BK
|
| 952 |
|
|
|0 0
|1 0
|2 ddc
|4 0
|6 338_109549200000000_FRO
|7 0
|9 74393
|a BIGD
|b BIGD
|d 2023-09-18
|e University Press Limited
|g 520.00
|l 0
|o 338.1095492 FRO
|p 3050041694
|r 2023-09-18
|t 8
|v 650.00
|w 2023-09-18
|y BK
|
| 952 |
|
|
|0 0
|1 0
|2 ddc
|4 0
|6 338_109549200000000_FRO
|7 0
|9 74949
|a BRACUL
|b BRACUL
|c GEN
|d 2024-01-14
|e Complimentary copy from Brac
|g 650.00
|l 0
|o 338.1095492 FRO
|p 3010042068
|r 2024-01-14
|t 9
|w 2024-01-14
|y BK
|
| 952 |
|
|
|0 0
|1 0
|2 ddc
|4 0
|6 338_109549200000000_FRO
|7 1
|9 77628
|a BRACUL
|b BRACUL
|c AMRC
|d 2025-04-23
|e Complimentary copy from Dr. Ahmed Mushtaque Raza Chowdhury (Former Vice Chairperson of BRAC)
|g 650.00
|l 0
|o 338.1095492 FRO
|p 3010044364
|r 2025-04-23
|t 10
|w 2025-04-23
|y BK
|x Complimentary copy received from Dr. Ahmed Mushtaque Raza Chowdhury (Former Vice Chairperson of BRAC) on 17 April 2025.
|
| 952 |
|
|
|0 0
|1 0
|2 ddc
|4 0
|6 338_109549200000000_FRO
|7 1
|9 77629
|a BRACUL
|b BRACUL
|c AMRC
|d 2025-04-23
|e Complimentary copy from Dr. Ahmed Mushtaque Raza Chowdhury (Former Vice Chairperson of BRAC)
|g 650.00
|l 0
|o 338.1095492 FRO
|p 3010044365
|r 2025-04-23
|t 11
|w 2025-04-23
|y BK
|x Complimentary copy received from Dr. Ahmed Mushtaque Raza Chowdhury (Former Vice Chairperson of BRAC) on 17 April 2025.
|